LDR 01243naa#a2200217#i#450# 001 RU\\bibl\19249 005 20260418192605.6 100 ## _a20260417b2026####ek#y0rusy0150####ca 102 ## _aRU 200 1# _aАНАЛИЗ СОВРЕМЕННЫХ МЕТОДИК РАССЛЕДОВАНИЯ И ЭКСПЕРТИЗЫ ДОРОЖНО-ТРАНСПОРТНЫХ ПРОИСШЕСТВИЙ _eСтатья/тезисы конференции 210 1# _aВоронеж _cВоронежский государственный лесотехнический университет имени Г.Ф. Морозова _d2026 215 ## _a7 с. 608 ## _aСтатья/тезисы конференции _2local 675 ## _aАвтомобильные дороги в целом. Внегородские дороги. Городские дороги. 625.7 _z 700 #1 _aЖайворонок _gДенис Александрович 700 #1 _aШаталов _gЕвгений Владимирович 700 #1 _aМалюкова _gМаргарита Александровна 700 #1 _aНиконов _gВадим Олегович 700 #1 _aРодионов _gА. А. 700 #1 _aЗеликов _gВладимир Анатольевич 856 4# _abibl.vgltu.ru _u